My woods,
Saved in:
| Main Author: | |
|---|---|
| Corporate Authors: | , |
| Format: | Book |
| Language: | English |
| Published: |
Chicago,
The Bookfellows,
1923.
|
| Series: | Bookfellows series ;
v. 4. |
| Subjects: | |
| Tags: |
Add Tag
No Tags, Be the first to tag this record!
|
| LEADER | 00877nam a22002651 4500 | ||
|---|---|---|---|
| 001 | 005179964-2 | ||
| 005 | 20020606095253.2 | ||
| 008 | 870602s1923 ilu 000 0 eng c | ||
| 010 | |a 23017540 //r87 | ||
| 035 | 0 | |a ocm01454126 | |
| 040 | |a DLC/ICU |c CGU |d JPL |d HLS | ||
| 050 | 0 | |a QH81 |b .H28 | |
| 100 | 1 | |a Harper, Samuel A. |q (Samuel Alain), |d 1875- | |
| 245 | 1 | 0 | |a My woods, |c by Samuel A. Harper. |
| 260 | |a Chicago, |b The Bookfellows, |c 1923. | ||
| 300 | |a 167 p. |b front. |c 21 cm. | ||
| 490 | 1 | |a The Bookfellow series, |v v. 4 | |
| 650 | 0 | |a Natural history |x Outdoor books. | |
| 655 | 7 | |a Guidebooks. |2 fast | |
| 710 | 2 | |a Bookfellows. | |
| 710 | 2 | |a Torch Press, |e printer. | |
| 776 | 0 | 8 | |i Online version: |a Harper, Samuel A. (Samuel Alain), b. 1875. |t My woods. |d Chicago, The Bookfellows, 1923 |w (OCoLC)622004527 |
| 830 | 0 | |a Bookfellows series ; |v v. 4. | |
| 988 | |a 20020608 | ||
| 906 | |0 OCLC | ||


